Introductory sociology (Record no. 10877)

000 -LEADER
fixed length control field 01715nam a2200229Ia 4500
008 - FIXED-LENGTH DATA ELEMENTS--GENERAL INFORMATION
fixed length control field 200103s 2002 ||||xx |||||||||||||| ||und||
020 ## - INTERNATIONAL STANDARD BOOK NUMBER
International Standard Book Number 139780333945728
082 ## - DEWEY DECIMAL CLASSIFICATION NUMBER
Classification number 301
Item number BIL
100 ## - MAIN ENTRY--PERSONAL NAME
Personal name Bilton, Tony
245 #0 - TITLE STATEMENT
Title Introductory sociology
260 ## - PUBLICATION, DISTRIBUTION, ETC. (IMPRINT)
Name of publisher, distributor, etc Palgrave macmillan
Date of publication, distribution, etc 1981
Place of publication, distribution, etc New York
300 ## - PHYSICAL DESCRIPTION
Extent xxxiii, 596p.
504 ## - BIBLIOGRAPHY, ETC. NOTE
Bibliography, etc PART 1 CONCEPTUAL FOUNDATIONS<br/>Studying Society Today<br/>Living in Modernity<br/>Globalization and Modernity<br/>PART 2 SOCIAL DIVISIONS AND POWER<br/>Social Divisions<br/>The Significance of Social Class<br/>Gender Relations<br/>Race and Ethnicity<br/>Power, Politics and the State<br/>PART 3 DIMENSIONS OF MODERN SOCIAL LIFE<br/>Family Life<br/>Education<br/>Work and Employment<br/>The Mass Media<br/>Health, Illness and Medicine<br/>Crime<br/>Knowledge, Belief and Religion<br/>PART 4 SOCIOLOGICAL THEORY AND METHOD<br/>Principles of Sociological Research<br/>Foundations of Social Theory<br/>Making Social Life: Theories of Action and Meaning<br/>Modernity, Postmodernity and Social Theory.
520 ## - SUMMARY, ETC.
Summary, etc Introductory Sociology is one of the most ambitious, scholarly and popular textbooks in its field. This welcome new edition builds on the strengths of its predecessor in its thematic coherence, clarity of exposition and analytical depth. It is carefully structured to cover all the main substantive topics studied at an introductory level within a framework that engages with exciting contemporary debates about modernity, globalization and social identity.
650 ## - SUBJECT ADDED ENTRY--TOPICAL TERM
Topical term or geographic name as entry element Living in Modernity
650 ## - SUBJECT ADDED ENTRY--TOPICAL TERM
Topical term or geographic name as entry element Globalization and Modernity
650 ## - SUBJECT ADDED ENTRY--TOPICAL TERM
Topical term or geographic name as entry element Knowledge, Belief and Religion
700 ## - ADDED ENTRY--PERSONAL NAME
Personal name Bonnett, Kevin
Relator term Co-author
700 ## - ADDED ENTRY--PERSONAL NAME
Personal name Jones, Pip
Relator term Co-author
700 ## - ADDED ENTRY--PERSONAL NAME
Personal name Lawson, Tony
Relator term Co-author
942 ## - ADDED ENTRY ELEMENTS (KOHA)
Item type Books
Holdings
Withdrawn status Lost status Source of classification or shelving scheme Damaged status Not for loan Collection code Permanent location Current location Shelving location Date acquired Full call number Barcode Date last seen Koha item type Public note
          Non-fiction IMU-MPC Library IMU-MPC Library General Stacks 2020-01-08 301 BIL MPC5100 2025-03-17 Books Column - 59
          Non-fiction IMU-MPC Library IMU-MPC Library General Stacks 2020-01-08 301 BIL MPC5101 2024-04-12 Books Column - 59
Copyright © 2021 Indian Maritime University, Mumbai Port Campus. All Rights Reserved. Managed & Maintained by Central Library, IMU-Mumbai

webs counters

Powered by Koha